| Tag |
First Indicator |
Second Indicator |
Subfields |
| LEADER |
00000cam a2200000 a 4500 |
| 001 |
in00002782530 |
| 005 |
20151202172043.0 |
| 006 |
m o d f |
| 007 |
cr bn||||||||| |
| 008 |
111123m19999999dcu o f000 0 eng c |
| 035 |
|
|
|a (OCoLC)ocn762209224
|
| 040 |
|
|
|a OCLCE
|b eng
|c OCLCE
|d GPO
|d MvI
|d UtOrBLW
|
| 042 |
|
|
|a pcc
|
| 043 |
|
|
|a n-us---
|
| 049 |
|
|
|a WWW
|
| 074 |
|
|
|a 1008-I (online)
|
| 086 |
0 |
|
|a Y 1.1/8:106-130/
|
| 110 |
1 |
|
|a United States.
|b Congress.
|b House.
|b Permanent Select Committee on Intelligence.
|
| 245 |
1 |
0 |
|a Intelligence Authorization Act for fiscal year 2000 :
|b report together with additional views (to accompany H.R. 1555) (including cost estimate of the Congressional Budget Office).
|
| 264 |
|
1 |
|a [Washington, D.C.] :
|b [U.S. G.P.O.],
|c [1999-]
|
| 300 |
|
|
|a 1 online resource (<volumes1 >).
|
| 336 |
|
|
|a text
|b txt
|2 rdacontent
|
| 337 |
|
|
|a computer
|b c
|2 rdamedia
|
| 338 |
|
|
|a online resource
|b cr
|2 rdacarrier
|
| 490 |
1 |
|
|a Rept. / 106th Congress, 1st session, House of Representatives ;
|v 106-130
|
| 500 |
|
|
|a Title from title screen (viewed on Nov. 9, 2012).
|
| 500 |
|
|
|a "May 7, 1999"--Pt. 1.
|
| 500 |
|
|
|a Electronic resource.
|
| 610 |
1 |
0 |
|a United States.
|b Central Intelligence Agency
|x Appropriations and expenditures.
|
| 650 |
|
0 |
|a Intelligence service
|x Finance
|x Law and legislation
|z United States.
|
| 776 |
0 |
8 |
|i Print version:
|a United States. Congress. House. Permanent Select Committee on Intelligence.
|t Intelligence Authorization Act for fiscal year 2000
|w (OCoLC)41510404
|
| 810 |
1 |
|
|a United States.
|b Congress.
|b House.
|t Report ;
|v 106-130.
|
| 856 |
4 |
0 |
|3 Pt. 1, text version:
|u http://purl.fdlp.gov/GPO/gpo31095
|t 0
|
| 856 |
4 |
0 |
|3 Pt. 1, PDF version:
|u http://purl.fdlp.gov/GPO/gpo31096
|t 0
|
| 999 |
|
|
|a MARS
|
| 999 |
f |
f |
|s 9819ef94-eaf3-3d09-ae0c-f2c4b3ca150a
|i fa3c36b3-3f18-3ab0-84a1-fd933949f7f4
|t 0
|
| 952 |
f |
f |
|a Texas A&M University
|b College Station
|c Electronic Resources
|d Available Online
|t 0
|e Y 1.1/8:106-130/
|h Superintendent of Documents classification
|
| 998 |
f |
f |
|a Y 1.1/8:106-130/
|t 0
|l Available Online
|